000 01191nam a22002897a 4500
003 dpl
005 20180830140501.0
008 180827b xxu||||| |||| 00| 0 eng d
010 _aB-116998
020 _c295.00
_a8126708409
035 _aB-116998, B-117016,B-117019
037 _bCen Lib/Ret
040 _aDPL
_bHN
_c0
082 _a
_bरायअ
100 _aराय, अरुंधती
_943761
245 _aमामूली चीजों का देवता /
_cअरुंधती राय; अनुवादक नीलाभ
246 _aMamooli cheezon ka devta /
_bby Arundhati Roy; anuvadak Nilabh
260 _aनयी दिल्ली
_bराजकमल प्रकाशन
_c2004
270 _a1-बी, नेता ज़ी सुभाष मार्ग
_bनयी दिल्ली
_e110002
300 _a325पृ.
_c21सेमी (सजिल्द)
650 _aअंग्रेजी साहित्य
_966316
650 _aउपन्यास
_966317
650 _aEnglish literature
_966318
650 _aFiction
_98901
700 _aनीलाभ
_96954
942 _2ddc
_cHN
_h
_mरायअ
999 _c116398
_d116398